| 000 | 00592nam a2200193 4500 | ||
|---|---|---|---|
| 005 | 20250801105535.0 | ||
| 010 | _aENG-146271 | ||
| 020 |
_a9789361638244 _c320.00 |
||
| 035 | _aEN-129803 | ||
| 037 | _bDBAD | ||
| 082 |
_a881.08 _21 |
||
| 100 |
_aGovindaraj, C. _983559 |
||
| 245 |
_aWorld Short Stories: _bAn Anthology/ _cC. Govindaraj |
||
| 250 | _a1 | ||
| 260 |
_aTamil Nadu _bShanlax Publications _c2025 |
||
| 270 |
_a61,66 T.P.K. Main Road Vasantha Nagar. _bTamil Nadu _e625003 _mshanlaxpublications.com |
||
| 300 |
_a197p. _c24cm(pb) |
||
| 942 |
_2ddc _cEN _h881.08 _mGOV |
||
| 999 |
_c212773 _d212773 |
||